MDQL
is popping MORE tags! Check the
thread
!
Quizzes
Events
Quiz Creation
Community
Videos
Private Events
Remove Ads
Sign In
Join for FREE
Feedback
Dark Mode
Quiz Categories
Sports
Geography
Music
Movies
Television
Just For Fun
Miscellaneous
History
Literature
Language
Science
Gaming
Entertainment
Religion
Holiday
For Kids
Quiz Lab
Recent
Popular Today
Quiz Kudos Today
Editor Picks
Curator Picks
Quizzes by...
Day
Popularity
Type
Ratings
Length
Year
Community
Subscriptions
Recent Discussions
Orange Saloon
Badges
Playlists
Quests
Create
Leaderboards
Showdown
Live 5
Trivia Bingo
Activity
Puzzle Library
Sporcle Events
Private Events
Virtual Trivia
Globe League
Become a Host
Pub Owners
SporcleCon
Opinionation
Our Games
Videos
Blog
Mobile Apps
Partnerships
Remove Ads and Go Orange
Feedback
Language
Vocabulary
Begins and Ends
Definition
Spanish
French
German
Italian
Chinese
Latin
Translation
Japanese
Language
Vocabulary
Begins and Ends
Definition
Spanish
French
German
Italian
Chinese
Latin
Translation
Japanese
Random Quiz
Search Sporcle
×
Quiz Lab
Quiz Lab
Language
Classical
Type in answers that appear in a list
Type in answers that appear in a list
Classic
Best Score? Go Orange.
Common words derived from classical myth Stats
Can you name the common words derived from classical mythology?
By
tallsaul
5m
29 Questions
1,672 Plays
1,672 Plays
1,672 Plays
Comments
Comments
Give Quiz Kudos
Give Quiz Kudos
-
- Ratings
hide this ad
Replay
Link that replays current quiz
Next Quiz
Link to next quiz in quiz playlist
You Got
0%
They Got
Avg Score
41%
Avg Friend Score
Upgrade to see
Score Distribution
Jump to the score distribution portion of the page
Score
0/29
Timer
05:00
0
Plays Today
Common meaning
Common word
% Correct
A bound collection of maps
Atlas
82.2%
A brand of athletic shoe
Nike
81.4%
An institution devoted to the procurement, care, study, and display of objects of lasting interest or value
Museum
72.8%
The largest of the planets and the fifth from the sun
Jupiter
69.2%
The repetition of a sound caused by reflection of sound waves
Echo
64.5%
A mountain or hill having a cuplike crater at the summit, formed around a vent in the earth through which ash and lava are expelled
Volcano
63.8%
A brand of candy bar
Mars
59.1%
A vulnerable point
Achille's Heel
58.7%
A heavy silver-
white poisonous metallic element
Mercury
55.2%
A tall, strong, often masculine woman
Amazon
54.7%
Love of or sexual desire for one's own body
Narcissism
51.8%
A brand of cleaner
Ajax
50.4%
A very handsome young man
Adonis
49%
An agent that arouses or is held to arouse sexual desire
Aphrodisiac
49%
A luminous phenomenon that consists of streamers of light appearing in the upper atmosphere of earth
Aurora
46.7%
Common meaning
Common word
% Correct
A prepared foodstuff of grain
Cereal
34.6%
Tending to arouse sexual desire
Erotic
32.7%
A shrewish woman
Harpy
32.2%
Assisting memory
Mnemonic
26.6%
A bitter crystalline addictive narcotic used in the form of a soluble salt as an analgesic and sedative
Morphine
26.3%
An ugly or repulsive woman
Gorgon
26%
A prolific source of troubles
Pandora's Box
25%
A high school or college in which special skills or subjects are taught
Academy
19.8%
Something extremely pleasing to taste or smell
Ambrosia
15.7%
A dark gray or silvery, lustrous, very hard, light chemical element
Titanium
14.2%
Staying power, endurance
Stamina
13.9%
Fresh-
water polyp -
Cnidarian (closely related to a jellyfish)
Hydra
8.5%
A photographic technology company
Olympus
7.1%
Enthusiastic diligence
Zeal
4.3%
Quiz Playlist
Details
Report
Send in Message
Add To Playlist
Classic:
Type in answers that appear in a list
Quiz Source
Last Updated: Apr 2, 2017
Quiz Scoreboard
CHALLENGE
Sign Up to Join the Scoreboard
Show All
Scores
Hide
Comments
May contain spoilers
Recently Published
Two Season TV Shows II
by 123Four
Television
10m
Image Sorting: Flags VI
by Barbecue
Geography
2m
Find the 'City' Movie
by crazypaving
Movies
60s
More to Explore
Quiz From the Vault
Featured Blog Post
14 Easter Pick-up Lines to Find Eggs With
hide this ad
You Might Also Like...
Tags
Classical Quiz
Mythology Quiz
common
Derived
Etymology
Myth
Today's Top Quizzes in Language
Browse Language
hide this ad
Today's Top Quizzes in Classical
Browse Classical
Top Contributed Quizzes in Language
1
What Word Starts All?
2
1-10 Letter F Words III
3
Arabic Numerals
4
1-10 Letter G Words III
5
Harry Potter book 6 chapters: English & Greek
6
1-10 Letter H Words III
7
Weisst du, aus welchen Sprachen diese Wörter stammen?
8
1-10 Letter I Words III
9
Celtic Nations in their Language
10
Russian Alphabet (Picture Click)
Explore More
Trending Topics
Anime
Crossword
Kpop
NBA
Harry Potter
Marvel
Disney
WWE
Country
Soccer
Puzzle
The Office
Pokémon
Song
NFL
hide this ad
More By:
tallsaul
Quiz
Plays
Rating
Category
Featured
Created
LOTR Characters by Quote
142,766
4.52
Literature
Oct 13, 2009
Food on Film
87,753
4.41
Movies
Feb 18, 2011
Click a Carnivoran
55,201
4.40
Science
May 30, 2012
Famous Biologists
20,955
4.28
Science
May 21, 2011
Creatures of Skyrim
19,598
4.10
Gaming
Nov 26, 2011
Go to Creator's Profile
Score Distribution
Quiz Creator Spotlight
tallsaul
Follow
Send a Message
Quizzes Created
-
Created Quiz Play Count
-
More By This Creator
Popular Quizzes Today
1
Find the US States - No Outlines Minefield
2
Colored Red Africa Blitz
3
Find the 'City' Movie
4
5x2 Blitz: Bands
5
The Countries of the World
6
Find the Countries of Europe - No Outlines Minefield
7
Find the US States
8
US States
More Language Quizzes
J, Q, X, or Z?
Published
Trending Quizzes
Colored Red Europe Blitz I
Colored Red Africa Blitz II
Colored Red Europe Blitz II
Colored Red Africa Blitz III
Colored Red Europe Blitz III
Recently Updated
How Do You Spell That?
pecheneg
Godzilla Movies
pecheneg
Grab Bag: 4-10 Letters
pecheneg
2024 March Madness Bracket
pecheneg
Famous TV Couples
Peacemaker
Champions League XIs: Real Madrid
pecheneg
Largest US Cities 1790-2010
pecheneg
Rides in Walt Disney World
pecheneg
Most Oscar Losses (Acting)
pecheneg
Beyoncé Albums
pecheneg
Trending Topics
Crossword
Marvel
Harry Potter
NBA
Disney
Anime
Kpop
WWE
The Office
NFL
Soccer
Pokémon
Puzzle
Song
Country
Your Account Isn't Verified!
In order to create a playlist on Sporcle, you need to verify the email address you used during registration. Go to your
Sporcle Settings
to finish the process.
Report this User
Report this user for behavior that violates our
Community Guidelines
.
Details:
Send Report
Go to the Sporcle.com Mobile Site →
Comments